01404nam a22001457a 450000500170000000800410001702000150005805000210007324501100009426000510020430000400025544000260029550509140032165000230123520210414113950.0120530t xxu||||| |||| 00| 0 eng d a0619243589 aHF5548.4.M525.A3 aNew perspectives on microsoft office 2003. /cAnn Shaffer, Patrick Carey, June Jamrich Parsons ...[et al] aAustralia :bThomson Course Technology,c2003. avarious pagings :bill. ;c27.8 cm. aMicrosoft office 2003 aContents: Windows : Exploring the basics of microsoft windows xp -- File management : Managing your files -- Internet : Browser and e-mail basics -- Office : Using common features of microsoft office 2003 -- Word : Creating document -- Editing and formating a document -- Creating a multiple-page report -- Desktop publishing and mail merge -- Excel : Using excel to manage data -- Working with formulas and functions -- Develoing a professional-looking worksheet -- Working with charts and graphics -- Integration : Integrating word and excel -- Access : Introduction to MS access 2003 -- Creating and maintaning a database -- Querying database -- Creating forms and reports -- Integrating word, excel and access -- PowerPoint : Creating a presentation -- Applying and modifying text and graphic objects -- Integrating word, excel, access and powerpoint -- Internet : Creating web pages with MS office 2003.  aMicrosoft Office.